La hija del espantapájaros / (Registro nro. 11639)

Detalles MARC
000 -LIDER
fixed length control field 01186nam a22003855b 4500
001 - NÚMERO DE CONTROL
Identificador de número de control 02856
003 - IDENTIFICACDOR DE NÚMERO DE CONTROL
control field DO-SdBNP
005 - DATE AND TIME OF LATEST TRANSACTION
control field 20180220150745.0
007 - CAMPOS FIJOS DE DESCRIPCIÓN FÍSICA
fixed length control field 02856
008 - ELEMENTOS DE LONGITUD FIJA
fixed length control field 930401s1992 sp | |||| ||spa
016 7# - NO. DE CONTROL DE LA AGENCIA BIB. NACIONAL
Record control number
Source BPMSU
017 ## - NÚMERO DE REGISTRO DE DERECHOS DE AUTOR
Copyright or legal deposit number
Assigning agency
020 ## - ISBN
International Standard Book Number 8434808196
035 ## - NÚMERO LOCAL
System control number
040 ## - FUENTE DE CATALOGACIÓN
Agencia que crea de manera original el registro BPMSU
Idioma de catalogación spa
Agencia que realiza la transcripción BPMSU
Convenciones de la despripción
041 1# - CÓDIGOS DE OBRAS TRADUCIDAS O EN VARIOS IDIOMAS
Código del idioma del texto/archivo de sonido o separata spa
Cód. del idioma original y/o traducciones intermedias del texto
080 #0 - NÚMERO DE CLASIFICACIÓN DECIMAL UNIVERSAL
Universal Decimal Classification number
082 ## - NÚMERO DE CLASIFICACIÓN DECIMAL DE DEWEY
Classification number 839.736
Edition number G868h 1992
100 1# - ASIENTO PRINCIPAL -- NOMBRE PERSONAL
Nombre personal Gripe, Maria
Fechas asociadas con el nombre 1923-2007
240 10 - TITULO UNIFORME
Título uniforme Pappa pellerins dotter
Idioma de una obra Español
245 13 - MENCIÓN DE TITULO
Título La hija del espantapájaros /
Mención de responsabilidad María Gripe ; [traducción, Carmen Vázquez-Vigo ; ilustraciones y cubierta, Marina Seoane
Medio (Designación general de material)
250 ## - MENCIÓN DE EDICION
Mención de edición 17ª ed.
260 ## - PUBLICACIÓN, DISTRIBUCIÓN, ETC. (PIE DE IMPRENTA)
Lugar de publicación, distribución, etc Madrid :
Nombre del editor, distribuidor, etc. Ediciones SM,
Fecha de publicación, distribución, etc 1992
300 ## - DESCRIPCIÓN FÍSICA
Extensión 221 p.:
Otros detalles físicos il. ;
Dimensiones 20 cm
490 1# - MENCIÓN DE SERIES
Mención de serie El barco de vapor ;
Volume/sequential designation 3./2
Mención de serie Serie roja,
Volume/sequential designation
586 ## - AWARDS NOTE
Awards note Premio Hans Chritian Andersen 1974
650 ## - ENCABEZAMIENTO DE MATERIA--TEMÁTICO
Término temático o nombre geográfico como elemento de entrada CUENTOS JUVENILES SUECOS
650 ## - ENCABEZAMIENTO DE MATERIA--TEMÁTICO
Término temático o nombre geográfico como elemento de entrada FANTASÍA
Subdivisión de forma CUENTOS JUVENILES
700 1# - ASIENTO SECUNDARIO -- NOMBRE PERSONAL
Nombre personal Vázquez-Vigo, Carmen
700 1# - ASIENTO SECUNDARIO -- NOMBRE PERSONAL
Nombre personal Seoane, Marina
Fechas asociadas con el nombre 1957-
830 #3 - ASIENTO SECUNDARIO DE SERIE--TÍTULO UNIFORME
Título uniforme El barco de vapor ;
Volume number/sequential designation 2
Nombre de la parte o sección de una obra Serie roja,
942 ## - ADDED ENTRY ELEMENTS (KOHA)
Source of classification or shelving scheme Dewey Decimal Classification
Koha item type Libros
945 ## - INFORMACIÓN DE PROCESAMIENTO LOCAL
Información de procesamiento local Inventariado, 2018 / BT
956 ## - LOCAL ELECTRONIC LOCATION AND ACCESS (OCLC)
Nombre de host VMATEO
Número de acceso 10
Información de compresión 20161020
Trayectoria BPMSU
Nombre Electrónico 0069
Existencias
Withdrawn status Lost status Source of classification or shelving scheme Damaged status Not for loan Collection code Home library Current library Date acquired Source of acquisition Total Checkouts Full call number Barcode Date last seen Price effective from Koha item type
    Dewey Decimal Classification     Colección Infantil General Biblioteca Pública Metropolitana Salomé Ureña Biblioteca Pública Metropolitana Salomé Ureña 10/20/2016 Agencia de Cooperación Internacional del Japón   839.736 G868h1992 BPMSU16100310 10/20/2016 10/20/2016 Libros